It's Almost Dry - Pusha T - Statistics

General Stats
  • This quiz has been taken 11 times
  • The average score is 9 of 12
Answer Stats
Songs Plays Artists % Correct
Diet Coke 54,677,715 Pusha T
100%
Brambleton 23,056,812 Pusha T
91%
Dreaming of the Past 53,947,680 Pusha T, Kanye West
91%
Rock n Roll 33,111,630 Pusha T, Kanye West, Kid Cudi
91%
Scrape It Off 76,219,308 Pusha T, Lil Uzi Vert, Don Toliver
91%
I Pray For You 12,146,493 Pusha T, Malice, Labrinth
82%
Hear Me Clearly 14,078,830 Pusha T, Nigo
73%
Let the Smokers Shine the Coupes 22,956,223 Pusha T
73%
Neck & Wrist 44,284,444 Pusha T, Jay-Z, Pharrell Williams
73%
Open Air 11,623,155 Pusha T
73%
Just So You Remember 14,337,413 Pusha T
64%
Call My Bluff 12,584,514 Pusha T
45%
No matching quizzes found
Score Distribution
Percent of People with Each Score
Percentile by Number Answered
Your Score History
You have not taken this quiz